Top 5 - Geographical Groups of Things - Germany - Statistics

General Stats
  • This quiz has been taken 409 times
  • The average score is 16 of 30
Answer Stats
Hint Answer % Correct
Longest Rivers that pass through Germany Rhine
94%
Largest States by Area Bavaria
93%
Busiest Airports (by passenger traffic) Frankfurt
90%
Longest Rivers that pass through Germany Danube
89%
LEAST Populated States Hamburg
87%
Busiest Airports (by passenger traffic) Hamburg
87%
Busiest Airports (by passenger traffic) Munich
86%
Busiest Airports (by passenger traffic) Düsseldorf
82%
Longest Rivers that pass through Germany Elbe
71%
LEAST Populated States Bremen
69%
Largest Cities of the Ruhr Region Essen
67%
Largest Cities of the Ruhr Region Dortmund
66%
Largest States by Area North Rhine- Westphalia
62%
Largest States by Area Baden-Württemberg
61%
Largest States by Area Lower Saxony
60%
Largest States by Area Brandenburg
58%
LEAST Populated States Saarland
51%
LEAST Populated States Mecklenburg-Vorpommern
47%
LEAST Populated States Thuringia
47%
Longest Rivers that pass through Germany Oder
45%
Largest Cities of the Ruhr Region Duisburg
42%
Largest Stadiums by Capacity Allianz Arena
41%
Largest Cities of the Ruhr Region Bochum
33%
Largest Cities of the Ruhr Region Gelsenkirchen
30%
Largest Stadiums by Capacity Signal Iduna Park
24%
Busiest Airports (by passenger traffic) Berlin Tegel
14%
Longest Rivers that pass through Germany Moselle
12%
Largest Stadiums by Capacity Veltins-Arena
11%
Largest Stadiums by Capacity Mercedes-Benz Arena
8%
Largest Stadiums by Capacity Olympiastadion Berlin
8%
No matching quizzes found
Score Distribution
Percent of People with Each Score
Percentile by Number Answered
Your Score History
You have not taken this quiz